000 00703nam a2200241Ia 4500
003 OSt
005 20220923230648.0
006 a|||||r|||| 00| 0
007 ta
008 220922b |||||||| |||| 00| 0 hin d
024 _a302,095
037 _cTextual
040 _aARTS
_cARTS
_bhin
041 _2hin
_ahin
082 _aO157,1x, 152G3
100 _aमिश्र, कृपानाथ
_9156279
245 0 _aकविता - कौमुदी
246 _aKavitā - kaumudī
260 _c1933
650 _aबंगाली साहित्य
_9156264
942 _hO157,1x, 152G3
_cTEXL
_2CC
999 _c386355
_d386355